Tres estudios sobre pensamiento y mística hispanomusulmanes

Na minha lista:
Detalhes bibliográficos
Autor principal: Asín Palacios, Miguel (Author)
Formato: Livro
Idioma:espanhol
Publicado em: Madrid Hiperión 1992
Colecção:Libros Hiperión, 139
Assuntos:
Tags: Adicionar Tag
Sem tags, seja o primeiro a adicionar uma tag!

MARC

LEADER 00000nam a2200000 a 4500
001 UCT5928
003 CL-VaPUC
008 961223e19920000SP |||||||||||||||||spa|d
082 0 4 |a 860.9  |b ASI  |2 21 
100 0 |a Asín Palacios, Miguel  |e author  |9 375564 
245 1 0 |a Tres estudios sobre pensamiento y mística hispanomusulmanes 
300 |a 334 p 
942 |c BK 
945 |d 19961223 00:00:00  |a rleighto 
260 |a Madrid  |b Hiperión  |c 1992 
650 0 |a Literatura española  |9 306261 
650 0 |a Historia y crítica   |9 257407 
650 7 |a LITERATURA ARABE  |2 CL-VaPUC  |9 323185 
650 0 |a Crítica literaria   |9 269189 
583 |a last modification  |c 19961223 00:00:00  |k Rodrigo Vera 
490 0 |a Libros Hiperión, 139 
999 |c 254702  |d 254700 
952 |0 0  |1 0  |4 0  |6 860_900000000000000_ASI_1992  |7 0  |8 A  |9 276558  |a BIBARQ  |b BIBARQ  |d 2019-11-19  |i 3263797  |o 860.9 ASI 1992  |p 3263797  |r 2025-01-20  |w 2019-11-19  |y BK  |k ARQ